00525nam a22001817a 450000100060000000300080000600500170001400800410003103500190007204000260009104100080011708200250012510000210015024500570017126000400022830000220026865000530029032692BD-RjUL20211209051900.0140428s1954 ii d 000 0 eng d a(BD-RjUL)32782 aBD-RjULbengcBD-RjUL aeng aR 491.4332bLAS 19541 aLal, Ram Narain. aStudent's practical dictionary /cby Ram Narain Lal. aRam Narain Lal :bAllahabad,c1954. a1349 p. ;c18 cm. aHindustani language -- Dictionaries -- English.